Избранные произведения. Т. 1 (Запись № 13615126)

Подробности
000 -МАРКЕР
контрольное поле 01681nam2a2200301 4500
001 - ИДЕНТИФИКАТОР ЗАПИСИ
контрольное поле rc\3000055
005 - ИДЕНТИФИКАТОР ВЕРСИИ
контрольное поле 20260315063642.0
035 ## - ДРУГИЕ СИСТЕМНЫЕ НОМЕРА
Идентификатор записи (NLR Aleph) 007143415
100 ## - ДАННЫЕ ОБЩЕЙ ОБРАБОТКИ
Данные общей обработки 20110919d1936 u y0rusy50 ca
101 0# - ЯЗЫК РЕСУРСА
Язык текста, звукозаписи и т.д. русский
102 ## - СТРАНА ПУБЛИКАЦИИ ИЛИ ПРОИЗВОДСТВА
Страна публикации Российская Федерация
105 ## - ПОЛЕ КОДИРОВАННЫХ ДАННЫХ: ТЕКСТОВЫЕ МАТЕРИАЛЫ, МОНОГРАФИЧЕСКИЕ
Кодированные данные о монографическом текстовом документе y z |||||
200 0# - ЗАГЛАВИЕ И СВЕДЕНИЯ ОБ ОТВЕТСТВЕННОСТИ
Основное заглавие Т. 1
210 ## - ПУБЛИКАЦИЯ, РАСПРОСТРАНЕНИЕ И ДР.
Дата издания, распространения и т.д. 1936
215 ## - ФИЗИЧЕСКАЯ ХАРАКТЕРИСТИКА
Специфическое обозначение материала и объем VIII, 628 с.
461 #0 - УРОВЕНЬ НАБОРА
Встроенное поле 001rc\3000054
-- 2001#$aИзбранные произведения$eВ 2 т. Т. 1-$fПод общ. ред. В.В. Адоратского и др.$gИн-т Маркса-Энгельса-Ленина при ЦК ВКП(б)$vТ. 1
-- 700#1$aЛенин$bВ.И.$gВладимир Ильич$f1870-1924
Системный номер (АБИС) связанной записи 7078703
Автор Ленин, В.И. (1870-1924)
Место публикации Москва
Дата публикации 1936
Первые сведения об ответственности Под общ. ред. В.В. Адоратского и др.
Имя издателя, распространителя и т.д. Партиздат
Сведения, относящиеся к заглавию В 2 т. Т. 1-
Физическая характеристика 2 т.
Заглавие Избранные произведения
Номер тома Т. 1
464 #0 - АНАЛИТИЧЕСКИЙ УРОВЕНЬ
Встроенное поле 2001#$aПодготовка революции 1905 года
Заглавие Подготовка революции 1905 года
464 #0 - АНАЛИТИЧЕСКИЙ УРОВЕНЬ
Встроенное поле 2001#$aРеволюция 1905 года и ее итоги
Заглавие Революция 1905 года и ее итоги
464 #0 - АНАЛИТИЧЕСКИЙ УРОВЕНЬ
Встроенное поле 2001#$aЭпоха реакции и нового подъема
Заглавие Эпоха реакции и нового подъема
464 #0 - АНАЛИТИЧЕСКИЙ УРОВЕНЬ
Встроенное поле 2001#$aИмпериализм и война
Заглавие Империализм и война
464 #0 - АНАЛИТИЧЕСКИЙ УРОВЕНЬ
Встроенное поле 2001#$aУказатели
Заглавие Указатели
464 #0 - АНАЛИТИЧЕСКИЙ УРОВЕНЬ
Встроенное поле 2001#$aО Марксе и марксизме
Заглавие О Марксе и марксизме
801 #0 - ИСТОЧНИК ЗАПИСИ
Страна Российская Федерация
Организация NLR
Правила каталогизации psbo
801 #1 - ИСТОЧНИК ЗАПИСИ
Страна Российская Федерация
Организация ELAR
Источник данных rusmarc
852 ## - МЕСТОНАХОЖДЕНИЕ И ШИФР ХРАНЕНИЯ
Идентификатор организации NLR
Наименование фонда или коллекции (Sub-Location Identifier) Л
Шифр хранения (Call Number) 1-И/5(1-8)
942 ## - ДОПОЛНИТЕЛЬНЫЕ ЭЛЕМЕНТЫ ЗАПИСИ (АБИС)
Тип экземпляра АБИС Неопределено
980 ## - КОЛЛЕКЦИЯ
Название коллекции Национальная библиография

Нет доступных экземпляров.